Spaceborne weather radar / (Record no. 1769)

000 -LEADER
fixed length control field 00404nam a22001457a 4500
008 - FIXED-LENGTH DATA ELEMENTS--GENERAL INFORMATION
fixed length control field 200203b ||||| |||| 00| 0 eng d
082 00 - DEWEY DECIMAL CLASSIFICATION NUMBER
Classification number 551.6353
Item number M541
100 ## - MAIN ENTRY--PERSONAL NAME
9 (RLIN) 1382
Personal name Meneghini, R.
245 10 - TITLE STATEMENT
Title Spaceborne weather radar /
260 ## - PUBLICATION, DISTRIBUTION, ETC. (IMPRINT)
Place of publication, distribution, etc London:
Name of publisher, distributor, etc Arctec House,
Date of publication, distribution, etc 1990.
300 ## - PHYSICAL DESCRIPTION
Extent ix, 199 p.
650 #0 - SUBJECT ADDED ENTRY--TOPICAL TERM
Topical term or geographic name as entry element Radar Meteorology
700 ## - ADDED ENTRY--PERSONAL NAME
9 (RLIN) 5078
Personal name Kozu, T.
942 ## - ADDED ENTRY ELEMENTS (KOHA)
Item type Books
Holdings
Withdrawn status Lost status Source of classification or shelving scheme Damaged status Not for loan Permanent location Current location Date acquired Source of acquisition Full call number Barcode Date last seen Cost, replacement price Koha item type
          IMU Kolkata IMU Kolkata 1998-12-02 Jyoti, the Book People 551.6353 M541 09010 2020-02-03 3420.70 Books
Designed and Maintained by IMU-KC Library, Kolkata Campus © Copyright All Rights Reserved

webs counters

Powered by Koha